Регионална библиотека "Любен Каравелов" - Русе

Методика за обучение на радиотелеграфистите (Запис номер 444371)

MARC детайли
000 -Лидер
Контролно поле с фиксирана дължина nam a22 a 4500
003 - Код на организацията, давaща контролен номер
Контролно поле BLK
005 - Дата и час на последна редакция
Контролно поле 20221025093712.0
008 - Елементи от данни с фиксирана дължина
fixed length control field 220209b bu |||||r|||| 00| | bu d
040 ## - Източник на каталожния запис
Идентификатор на билиотеката - собственик на записа BLK
041 ## - Код за език
Код за езика на текст/звукозапис или на отделно заглавие Български
Код за езика КДБФ Български
080 ## - УДК
Текстов определител УДК Радиотелеграфия
УДК код - определител по УДК 621.394:621.396
УДК - код + определител 621.394:621.396
139 ## - Редно поле
Редна дума Методика за обучение на радиотелеграфистите
245 ## - Сведения за заглавието
Заглавие Методика за обучение на радиотелеграфистите
Подзаглавни данни Помагало за офицерите и сержантите от радиоподеленията в БНА
260 ## - Област на издателските данни
9 (RLIN) 215670
Място на издаване, разпространение и проч. София
Име на издателя, разпространителя и проч. Държ. воен. изд.
Година на издаване 1957
Информация за издателството ДВИ
300 ## - Физическа характеристика
Страници 254 с.
Размери/Мащаб 18 см
380 ## - Жанр
Жанр Техника
650 #0 - Допълнително описание по предмет – тема
9 (RLIN) 466879
Основно описание – тема или топоним Радиотелеграфия
653 #0 - Ключова дума – ненормативна
9 (RLIN) 470577
Ключова дума радиотелеграфия
653 #7 - Ключова дума – ненормативна
9 (RLIN) 194150
Ключова дума помагала
852 ## - Местоположение
Форматна сигнатура Цб I 1729
Фондова буква Основен фонд - ползва се само за читалня
856 ## - Електронен адрес и достъп
Инструкция (цена за достъп) 0.00
Права за достъп disable
999 ## - СИСТЕМНИ КОНТРОЛНИ НОМЕРА
Koha biblionumber 444371
Koha biblioitemnumber 444371
942 ## - АРТИКУЛИ
Вид на библиотечния материал Книги
Скрит в OPAC Не
Периодичен библиозапис Да
944 ## - СЪЗДАВАНЕ И РЕДАКЦИЯ на ЗАПИСА
Създаване/Редакция Създаване
Дата на регистрацията/редакция 2022-02-09
Служител, извършил регистрацията/редакцията Христина Везирева
999 ## - СИСТЕМНИ КОНТРОЛНИ НОМЕРА
Koha biblioitemnumber 444371
Наличности
Код за отписване Код за изгубен артикул Източник на класификационната схема Код за повреда Коз за рестрикции Код за отдаване Артикулен № Име на библиотеката - собственик Име на библиотеката, в която се намира в момента Статус (Текущо местоположение) Дата на вписване в системата Местоположение - отдел Цена в лева Инвентарен номер Систематично азбучна сигнатура Баркод Цена в евро Служебен тип на артикула
  Не е изгубен Universal Decimal Classification Не е повреден без рестрикции ползва се в читалня 871108 Регионална библиотека "Любен Каравелов" Русе Регионална библиотека "Любен Каравелов" Русе Основен фонд - ползва се само за читалня 2022-02-11 Хранилище 1.03 13804/57 Цб I 1729 900000025235 0.53 Книги
Vip Innovations Ltd, Rousse, Bulgaria 2025